Les Pokémon de la Neuvième Génération dans l'ordre - Statistiques

Statistiques générales
  • Ce quiz a été pris 87 fois
  • Le résultat moyen est 65 sur 120
Statistiques - réponses
# Nom % Correct
0906 Poussacha
100%
0909 Chochodile
86%
0910 Crocogril
86%
0911 Flâmigator
86%
0908 Miascarade
86%
0914 Palmaval
86%
0913 Canarbello
81%
0912 Coiffeton
81%
0916 Fragroin
81%
0907 Matourgeon
81%
0915 Gourmelet
76%
0918 Filentrappe
71%
0917 Tissenboule
71%
0930 Arboliva
67%
0927 Briochien
67%
0924 Compagnol
67%
0925 Famignol
67%
0920 Gambex
67%
0919 Lilliterelle
67%
0928 Olivini
67%
0926 Pâtachiot
67%
0936 Carmadura
62%
0935 Charbambin
62%
0937 Malvalame
62%
0929 Olivado
62%
0921 Pohm
62%
0923 Pohmarmotte
62%
0922 Pohmotte
62%
0931 Tapatoès
62%
0939 Ampibidou
57%
1002 Baojian
57%
0997 Cryodo
57%
0976 Délestin
57%
1003 Dinglu
57%
0943 Dogrino
57%
0996 Frigodo
57%
0998 Glaivodo
57%
0944 Gribouraigne
57%
1000 Gromago
57%
0942 Grondogue
57%
0985 Hurle-Queue
57%
0978 Nigirigon
57%
0977 Oyacata
57%
0992 Paume-de-Fer
57%
0951 Pimito
57%
0952 Scovilain
57%
0945 Tag-Tag
57%
0938 Têtampoule
57%
1004 Yuyu
57%
0975 Balbalèze
52%
1001 Chongjian
52%
0950 Craparoi
52%
0982 Deusolourdo
52%
0995 Épine-de-Fer
52%
0981 Farigiraf
52%
0973 Flamenroule
52%
0987 Flotte-Mèche
52%
0986 Fongus-Furie
52%
0984 Fort-Ivoire
52%
0941 Fulgulairo
52%
0991 Hotte-de-Fer
52%
0999 Mordudor
52%
0989 Pelage-Sablé
52%
0974 Piétacé
52%
0988 Rampe-Ailes
52%
0990 Roue-de-Fer
52%
0948 Terracool
52%
0949 Terracruel
52%
0980 Terraiste
52%
0993 Têtes-de-Fer
52%
0940 Zapétrel
52%
0933 Amassel
48%
0954 Bérasca
48%
0956 Cléopsytra
48%
0979 Courrousinge
48%
0963 Dofin
48%
0968 Ferdeter
48%
0970 Floréclat
48%
0955 Flotillon
48%
0959 Forgelina
48%
0958 Forgella
48%
0957 Forgerette
48%
1006 Garde-de-Fer
48%
0969 Germéclat
48%
0934 Gigansel
48%
1007 Koraidon
48%
0953 Léboulérou
48%
0962 Lestombaile
48%
1008 Miraidon
48%
0994 Mite-de-Fer
48%
0967 Motorizard
48%
1005 Rugit-Lune
48%
0983 Scalpereur
48%
0932 Selutin
48%
0964 Superdofin
48%
0960 Taupikeau
48%
0972 Tomberro
48%
0971 Toutombe
48%
0961 Triopikeau
48%
0965 Vrombi
48%
0966 Vrombotor
48%
1009 Serpente-Eau
43%
1010 Vert-de-Fer
43%
0947 Virevorreur
43%
0946 Virovent
43%
1016 Favianos
38%
1014 Félicanis
38%
1015 Fortusimia
38%
1025 Pêchaminus
38%
1012 Poltchageist
38%
1011 Pomdramour
38%
1013 Théffroyable
38%
1023 Chef-de-Fer
33%
1020 Feu-Perçant
33%
1021 Ire-Foudre
33%
1019 Pomdorochi
33%
1018 Pondralugon
33%
1022 Roc-de-Fer
33%
1024 Terapagos
33%
1017 Ogerpon
29%
Aucun quiz correspondant
Distribution des résultats
% des personnes avec chaque résultat
Percentile par nombre de réponses
Votre historique - résultats
Vous n’avez pas pris ce quiz